LDR 00694naa#a2200181#i#450# 001 EN\\bibl\120967 005 20260501184825.5 011 ## _a2073-0454 100 ## _a20251015b2025####ek#y0engy0150####ca 102 ## _aRU 200 1# _aProblems of observance of procedural rights of minors in Russian criminal proceedings and ways to solve them _eJournal article 210 1# _aMoscow _cMoscow University of the Ministry of Internal Affairs of Russia named after V.Ya. Kikot _d2025 215 ## _a6 с. 608 ## _aJournal article _2local 675 ## _aПраво. Юридические науки. 34 _z 700 #1 _aBystrova _gYuliya Viktorovna 700 #1 _aDolgopolov _gKirill Andreevich 856 4# _amosumvd.editorum.ru _u